000 00597cab a2200193 4500
001 WB3017-28
008 090401t1994 xxu||||| |||| 00| 0 eng d
035 _a(Sirsi) u41838
041 _aeng
245 _aHospitals spur plans for homes
260 _c1994
350 _a0
490 _aEstates Times
_v(1233) 6 May 1994, 9(1)
520 _aDevelopers are snapping up defunct hospitals and surplus health service land for residential development in an attempt to cash in on the improving housing market.
650 _aNHS ESTATE
690 _aHOUSING
942 _n0
948 _c04/03/1997
999 _c26861
_d26861